000 01391nab a22002537a 4500
999 _c5641
_d5641
003 OSt
005 20251226212222.0
008 190603e xxum|||| |||| 00| 0 spa d
040 _cPJ
100 _96455
_aLinovich, Jonathan
245 1 0 _aJurisprudencia destacada en "Contratación electrónica: desafíos y oportunidades" /
_cJonathan Linovich.
260 _cCiudad Autónoma de Buenos Aires :
_aThomson Reuters La Ley,
_b2025.
300 _ap. 60-62
500 _aCita: TR LALEY AR/DOC/1045/2025 Publicado en: RCCyC 2025 (junio).
505 _aSumario: I. Firma en los escritos judiciales — II. Préstamo personal bancario celebrado por medios electrónicos.— III. Archivo de audio. Título ejecutivo inválido. — IV. Firma digital. — V. Juicio ejecutivo. Acuerdo transaccional celebrado por medios electrónicos.— VI. Competencia. Cheques electrónicos rechazados.— VII. Firma electrónica.
505 _t¿Te interesa el texto completo? Solicitalo al correo: koha@justierradelfuego.gov.ar
650 0 _91497
_aCODIGO CIVIL Y COMERCIAL
650 0 _9286
_aCOMERCIO ELECTRONICO
650 0 _9282
_aFIRMA DIGITAL
650 0 _96228
_aTÍTULOS EJECUTIVOS
650 0 _91057
_aJURISPRUDENCIA APLICABLE
773 0 _02713
_93170
_dCiudad Autónoma de Buenos Aires : Thomson Reuters La Ley, 2015-
_tRevista Código Civil y Comercial. Nº 3 - Junio 2025
942 _2udc
_cANA